Symbole pierwiastków o jednej literze - Statystyki

Ogólne statystyki
  • Ten quiz został rozwiązany 49 razy
  • Średni wynik to 11 z 13
Statystyki odpowiedzi
Symbol Pierwiastek % Poprawnych
K Potas
98%
O Tlen
98%
H Wodór
98%
C Węgiel
96%
N Azot
93%
S Siarka
93%
B Bor
85%
P Fosfor
85%
U Uran
83%
F Fluor
80%
I Jod
72%
V Wanad
63%
Y Itr
57%
Nie znaleziono quizów pasujących do podanych kryteriów
Rozkład punktacji
Procent ludzi z każdym wynikiem
Percentyl według liczby udzielonych odpowiedzi
Twoja historia wyników
Nie rozwiązałeś tego quizu